000 00745nam a2200193Ia 4500
008 0000001980 usa 0000000000eng00
090 _aPSP00 P11p
100 1 _aPicasso, Pablo
_d1881
245 1 0 _aPablo Picasso
_b: a retrospective
300 _a[16] p.
_c/ 23 cm.
500 _aExposición realizada en The Museum of Modern Art, New York, Mayo 22 Septiembre 16, 1980 \ Con el patronazgo del maestro venezolano Jesús Rafael Soto (q.e.p.d.) \
600 0 0 _aPICASSO, PABLO, 18811973/
_xTRABAJOS PICTORICOS
650 1 4 _aARTE CONTEMPORANEO ESPAÑOL
650 1 4 _xCATALOGOS
650 1 4 _xEXPOSICIONES
650 1 4 _aPINTORES ESPAÑOLES
650 1 4 _aPINTURA ESPAÑOLA
999 _c7174
_d7174
260 _aNew York : The Museum of Modern Ar
_c1980